000
00261nam a22001217a 4500
008
180905b xxu||||| |||| 00| 0 eng d
041
_a
eng
080
_a
159.9
100
_a
47
101
_a
PSI
245
_a
Child Development
_c
Lockman.J.J
942
_2
udc
_c
BK
999
_c
47546
_d
47546